Compendium of the world's languages. V.2 : Ladakhi to Zuni V.2
Đã lưu trong:
| Príomhúdar: | |
|---|---|
| Formáid: | Leabhar |
| Foilsithe: |
Routledge
2000
|
| Clibeanna: |
Cuir Clib Leis
Gan Chlibeanna, Bí ar an gcéad duine leis an taifead seo a chlibeáil!
|
| Thư viện lưu trữ: | Mạng thư viện Đại học Đà Nẵng |
|---|
| LEADER | 00788nam a2200241 a 4500 | ||
|---|---|---|---|
| 001 | 000042117 | ||
| 003 | 9258 | ||
| 005 | 20171030155812.0 | ||
| 008 | 171030s2000 | ||
| 040 | |a LNN | ||
| 082 | 0 | |a 403 |b CA-G | |
| 100 | 1 | |a Campbell, George L | |
| 245 | 0 | 0 | |a Compendium of the world's languages. V.2 : Ladakhi to Zuni |c George L. Campbell. |n V.2 |
| 260 | |b Routledge |c 2000 | ||
| OWN | |a LNN | ||
| AVA | |a UDN50 |b LNN |d 403 CA-G |e available |t Error 5001 Not defined in file expand_doc_bib_avail. |f 1 |g 0 |h N |i 0 |k 1 | ||
| 999 | |a From the UDN01 | ||
| AVA | |a UDN50 |b LNN |d 403 CA-G |e available |t Error 5001 Not defined in file expand_doc_bib_avail. |f 1 |g 0 |h N |i 0 |k 1 | ||
| TYP | |a Monograph | ||
| TYP | |a Printed language | ||
| 980 | |a Mạng thư viện Đại học Đà Nẵng | ||